| 000 | 00356nam a2200133Ia 4500 | ||
|---|---|---|---|
| 008 | 240624s9999 xx 000 0 und d | ||
| 041 | _aeng | ||
| 082 | _a658.8 SIN | ||
| 100 | _aSINHA ARUN | ||
| 245 | _aSWEET SPOT HOW TO MAXIMIZE MARKETING FOR | ||
| 260 |
_c2007 _aNew Jersey _bJohn Wiley and Sons |
||
| 300 | _axviii, : 238 : p. : cm. ; 24 | ||
| 365 |
_c _b28 |
||
| 999 |
_c7399 _d7399 |
||